2016 MLB Managers - Statistics

General Stats
  • This quiz has been taken 10 times
  • The average score is 23 of 30
Answer Stats
Hint Answer % Correct
Los Angeles Dodgers David Roberts
100%
Washington Nationals Dusty Baker
100%
Chicago Cubs Joe Maddon
100%
Tampa Bay Rays Kevin Cash
100%
Houston Astros A.J. Hinch
88%
Oakland Athletics Bob Melvin
88%
Detroit Tigers Brad Ausmus
88%
San Francisco Giants Bruce Bochy
88%
Baltimore Orioles Buck Showalter
88%
Pittsburgh Pirates Clint Hurdle
88%
Milwaukee Brewers Craig Counsell
88%
Miami Marlins Don Mattingly
88%
New York Yankees Joe Girardi
88%
Toronto Blue Jays John Gibbons
88%
St. Louis Cardinals Mike Matheny
88%
Kansas City Royals Ned Yost
88%
Cleveland Indians Terry Francona
88%
Cincinnati Reds Bryan Price
75%
Boston Red Sox John Farrell
75%
New York Mets Terry Collins
75%
San Diego Padres Andy Green
63%
Atlanta Braves Brian Snitker
63%
Texas Rangers Jeff Banister
63%
Minnesota Twins Paul Molitor
63%
Chicago White Sox Robin Ventura
63%
Seattle Mariners Scott Servais
63%
Philadelphia Phillies Pete Mackanin
50%
Arizona Diamondbacks Tony Lovullo
50%
Colorado Rockies Walt Weiss
38%
Los Angeles Angels Mike Sciosia
25%
No matching quizzes found
Score Distribution
Percent of People with Each Score
Percentile by Number Answered
Your Score History
You have not taken this quiz